000 00698cab a2200229 4500
001 ABS45904
008 090401t1992 xxu||||| |||| 00| 0 eng d
035 _a(Sirsi) u55806
041 _aeng
100 _aReece, D.
245 _aWill the market rebuild on a new foundation
260 _c1992
350 _a0
490 _aMoney Week
_v(243) 12 February 1992, 25(1)
520 _aWith the housing market still in the doldrums, the author considers whether there is any chance of an upturn in 1992.
650 _aFORECAST
650 _aHOUSING MARKET
650 _aRECESSION
690 _aPROPERTY-RESIDENTIAL PROPERTY-RESIDENTIAL PROPERTY MARKET
942 _n0
948 _c04/03/1997
999 _c34111
_d34111